[Event "Titled Tue 24th Jun Late"]
[Site "chess.com INT"]
[Date "2025.06.24"]
[Round "4"]
[White "Kucza, Karol"]
[Black "Kjaergaard-Jensen, Jesper"]
[Result "1-0"]
[WhiteTitle "FM"]
[BlackTitle "CM"]
[WhiteElo "2316"]
[BlackElo "2081"]
[WhiteFideId "1159755"]
[BlackFideId "1406990"]
[EventDate "2025.06.24"]

1. e4 Nf6 2. e5 Nd5 3. d4 d6 4. c4 Nb6 5. f4 dxe5 6. fxe5 c5 7. d5 e6 8. Nc3
exd5 9. cxd5 c4 10. Nf3 Bb4 11. Bxc4 Bxc3+ 12. bxc3 Qc7 13. Bb5+ Bd7 14. Bxd7+
N8xd7 15. Qd4 Nxd5 16. Qxd5 Qxc3+ 17. Qd2 Qxa1 18. O-O Nxe5 19. Nxe5 Qxe5 20.
Re1 Qxe1+ 21. Qxe1+ Kd7 22. Qd2+ Kc6 23. Qc3+ Kd7 24. Qd4+ Ke6 25. Qe4+ Kf6 26.
Bb2+ Kg5 27. h4+ Kh6 28. Qf4+ g5 29. Qxg5# 1-0

[Event "Titled Tue 24th Jun Late"]
[Site "chess.com INT"]
[Date "2025.06.24"]
[Round "4"]
[White "Khenkin, Igor"]
[Black "Tristan, Leonardo"]
[Result "0-1"]
[WhiteTitle "GM"]
[BlackTitle "GM"]
[WhiteElo "2499"]
[BlackElo "2536"]
[WhiteFideId "4659600"]
[BlackFideId "113816"]
[EventDate "2025.06.24"]

1. e4 d5 2. exd5 Qxd5 3. Nc3 Qa5 4. d4 Nf6 5. Nf3 Bf5 6. Bd2 e6 7. Ne4 Qb6 8.
Nxf6+ gxf6 9. Nh4 Be4 10. Bc3 Bb4 11. Qd2 Nc6 12. O-O-O O-O-O 13. Qe3 Bxc3 14.
Qxc3 Rxd4 15. Rxd4 Qxd4 16. Qxd4 Nxd4 17. c3 Nc6 18. Be2 Ne5 19. Re1 Bd5 20. b3
Ng6 21. Nxg6 hxg6 0-1

[Event "Titled Tue 24th Jun Late"]
[Site "chess.com INT"]
[Date "2025.06.24"]
[Round "4"]
[White "Atanasov, Anthony"]
[Black "Sethuraman, Roshan"]
[Result "1-0"]
[WhiteTitle "IM"]
[WhiteElo "2417"]
[BlackElo "2074"]
[WhiteFideId "2623897"]
[BlackFideId "30965250"]
[EventDate "2025.06.24"]

1. d4 Nf6 2. Bf4 d5 3. e3 c5 4. Nf3 Nc6 5. Nbd2 cxd4 6. exd4 Bf5 7. Bb5 e6 8.
Ne5 Rc8 9. Nxc6 bxc6 10. Ba6 Be7 11. Bxc8 Qxc8 12. O-O O-O 13. c3 Qb7 14. b4 Rc8
15. Nb3 h6 16. a4 Ne4 17. Qe1 Bh7 18. f3 Nf6 19. Nc5 Bxc5 20. dxc5 a5 21. Be5
Nd7 22. Bd6 Qa6 23. Rf2 Ra8 24. Rb2 Bd3 25. h3 Qc4 26. Kh2 d4 27. cxd4 Qxd4 28.
Rd2 Qc4 29. Rc1 Qb3 30. Qe3 Bc4 31. Qxb3 Bxb3 32. b5 Bxa4 33. b6 Bb5 34. b7 Re8
35. Bc7 Nb8 36. Rcd1 1-0

[Event "Titled Tue 24th Jun Late"]
[Site "chess.com INT"]
[Date "2025.06.24"]
[Round "4"]
[White "Skramstad, Oda Kofoed"]
[Black "Puzyrevsky, Semyon"]
[Result "0-1"]
[WhiteTitle "WCM"]
[BlackTitle "FM"]
[WhiteElo "1898"]
[BlackElo "2292"]
[WhiteFideId "1564862"]
[BlackFideId "24240931"]
[EventDate "2025.06.24"]

1. d4 Nf6 2. c4 e6 3. Nc3 Bb4 4. Qc2 O-O 5. a3 Bxc3+ 6. Qxc3 d6 7. Nf3 a5 8. Bg5
Nbd7 9. e3 b6 10. Bd3 Bb7 11. O-O h6 12. Bh4 Qe7 13. Qc2 e5 14. Nd2 g5 15. Bg3
Nh5 16. d5 a4 17. Bf5 Nc5 18. e4 Bc8 19. Qd1 Ng7 20. Bxc8 Raxc8 21. b4 axb3 22.
Qf3 f5 23. exf5 Nxf5 24. Qc3 Nd4 25. Qe3 Nc2 26. Qc3 Nxa1 27. Rxa1 Ra8 28. Nxb3
Nxb3 29. Qxb3 Ra5 30. Qd3 Qf7 31. Qe4 Qf5 32. Qd3 Qxd3 0-1

[Event "Titled Tue 24th Jun Late"]
[Site "chess.com INT"]
[Date "2025.06.24"]
[Round "4"]
[White "Izafatava, Kira"]
[Black "Ochedzan, Filip"]
[Result "1-0"]
[WhiteTitle "WCM"]
[BlackTitle "CM"]
[WhiteElo "2036"]
[BlackElo "1983"]
[WhiteFideId "13521705"]
[BlackFideId "21892610"]
[EventDate "2025.06.24"]

1. e4 g6 2. d4 Bg7 3. Nc3 d5 4. e5 c5 5. dxc5 Nc6 6. Qxd5 Bxe5 7. Qxd8+ Kxd8 8.
Bd2 Nf6 9. O-O-O Ke8 10. Bb5 Bd7 11. Nf3 Bc7 12. Be3 a6 13. Ba4 Rd8 14. Bb3 e6
15. Bg5 Ng4 16. Bxd8 Bxd8 17. Rd2 Nge5 18. Nxe5 Nxe5 19. f4 Nc6 20. Ne4 Be7 21.
Nd6+ Bxd6 22. Rxd6 Ke7 23. Rhd1 Rd8 24. g4 Be8 25. Rxd8 Nxd8 26. Bc4 Bc6 27. b4
Bf3 28. Rg1 Nc6 29. c3 h6 30. f5 Ne5 31. fxg6 fxg6 32. Bf1 Bxg4 33. h3 Bf3 34.
Bg2 Bxg2 35. Rxg2 Kf6 36. Kc2 g5 37. a4 h5 38. b5 axb5 39. axb5 Kf5 40. c6 bxc6
41. b6 Nd7 42. b7 g4 43. hxg4+ hxg4 44. Rd2 Nb8 45. Rd8 Na6 46. Ra8 1-0

[Event "Titled Tue 24th Jun Late"]
[Site "chess.com INT"]
[Date "2025.06.24"]
[Round "4"]
[White "Naroditsky, Daniel"]
[Black "Vaganian, Rafael A"]
[Result "1/2-1/2"]
[WhiteTitle "GM"]
[BlackTitle "GM"]
[WhiteElo "2619"]
[BlackElo "2449"]
[WhiteFideId "2026961"]
[BlackFideId "13300016"]
[EventDate "2025.06.24"]

1. e4 e6 2. d4 d5 3. Nd2 c5 4. Ngf3 Nc6 5. Bb5 a6 6. Bxc6+ bxc6 7. O-O cxd4 8.
Nxd4 c5 9. N4f3 Bb7 10. exd5 Qxd5 11. Qe2 Nf6 12. b3 Be7 13. Bb2 O-O 14. Rad1
Rad8 15. h3 h6 16. Rfe1 Qf5 17. Nc4 Bxf3 18. Qxf3 Qxf3 19. gxf3 Nd5 20. Ne5 Bf6
21. Nc6 Rc8 22. Bxf6 Rxc6 23. Be5 Nb4 24. c3 Nxa2 25. Rd2 f6 26. Rxa2 fxe5 27.
Kg2 Rb8 28. Ra3 Rcb6 29. Rxe5 Rxb3 30. Rxb3 Rxb3 31. Rxc5 Kf7 32. c4 Kf6 33. Rc6
Rc3 34. Rxa6 Rxc4 35. Kg3 1/2-1/2

[Event "Titled Tue 24th Jun Late"]
[Site "chess.com INT"]
[Date "2025.06.24"]
[Round "4"]
[White "Li, Xueyi"]
[Black "Yanev, Tihomir"]
[Result "0-1"]
[WhiteTitle "WGM"]
[BlackTitle "IM"]
[WhiteElo "2220"]
[BlackElo "2354"]
[WhiteFideId "8605912"]
[BlackFideId "2910110"]
[EventDate "2025.06.24"]

1. d4 d6 2. c4 Nf6 3. g3 g6 4. Bg2 Bg7 5. Nf3 O-O 6. O-O Nbd7 7. Nc3 e5 8. d5 a5
9. a4 Nc5 10. Re1 h6 11. e4 b6 12. Qc2 Ne8 13. Be3 f5 14. Bxc5 bxc5 15. exf5
gxf5 16. Nh4 Qg5 17. Nf3 Qf6 18. Nh4 Qg5 19. Nf3 Qh5 20. Rad1 f4 21. gxf4 Rxf4
22. Re4 Bf5 23. Qe2 Bxe4 24. Nxe4 Nf6 25. Ng3 Qg6 26. Re1 Rb8 0-1

[Event "Titled Tue 24th Jun Late"]
[Site "chess.com INT"]
[Date "2025.06.24"]
[Round "4"]
[White "Norowitz, Yaacov"]
[Black "Zieba, Hubert"]
[Result "1-0"]
[WhiteTitle "IM"]
[BlackTitle "CM"]
[WhiteElo "2400"]
[BlackElo "2233"]
[WhiteFideId "2024799"]
[BlackFideId "21844704"]
[EventDate "2025.06.24"]

1. d4 d5 2. Nf3 Nf6 3. c3 c5 4. Bf4 cxd4 5. cxd4 Nc6 6. Nc3 a6 7. Ne5 Qb6 8.
Nxc6 bxc6 9. Qd2 e6 10. e3 Bb4 11. f3 c5 12. dxc5 Qxc5 13. Rc1 O-O 14. a3 Bxc3
15. Qxc3 Qxc3+ 16. Rxc3 Bd7 17. Kd2 Rfc8 18. Rxc8+ Bxc8 19. Bd3 Nd7 20. Bd6 f6
21. Rc1 Kf7 22. Rc7 e5 23. Bf5 Ke8 24. Bxh7 Kd8 25. Bg6 Rb8 26. Rxd7+ 1-0

[Event "Titled Tue 24th Jun Late"]
[Site "chess.com INT"]
[Date "2025.06.24"]
[Round "4"]
[White "Tymrakiewicz, Rafal"]
[Black "Garcia Hernandez, Rebeca"]
[Result "1-0"]
[WhiteTitle "FM"]
[BlackTitle "WCM"]
[WhiteElo "2206"]
[BlackElo "1904"]
[WhiteFideId "1108832"]
[BlackFideId "5180872"]
[EventDate "2025.06.24"]

1. d4 d5 2. Bg5 c6 3. e3 Qb6 4. Qc1 Nd7 5. Nf3 g6 6. c4 dxc4 7. Nc3 Bg7 8. Bxc4
Ngf6 9. O-O O-O 10. Rd1 h6 11. Bh4 Re8 12. Qc2 e6 13. e4 a5 14. a3 Qc7 15. e5
Nd5 16. Ne4 N7b6 17. Bd3 Bd7 18. Nd6 Rf8 19. Nd2 Be8 20. N2e4 Nc8 21. Nc4 b5 22.
Ne3 Nf4 23. Bxb5 Qb7 24. Bf1 g5 25. Bg3 Ng6 26. Ng4 Nce7 27. Nef6+ Kh8 28. f4
gxf4 29. Bxf4 Nxf4 30. Qh7# 1-0

[Event "Titled Tue 24th Jun Late"]
[Site "chess.com INT"]
[Date "2025.06.24"]
[Round "4"]
[White "Vasquez Schroeder, Rodrigo"]
[Black "Burovic, Rijad"]
[Result "1-0"]
[WhiteTitle "GM"]
[BlackTitle "IM"]
[WhiteElo "2446"]
[BlackElo "2420"]
[WhiteFideId "3400042"]
[BlackFideId "14407701"]
[EventDate "2025.06.24"]

1. e4 e6 2. d4 d5 3. Nc3 Bb4 4. e5 Ne7 5. Bd2 b6 6. Bb5+ c6 7. Ba4 Ba6 8. Nce2
Bxd2+ 9. Qxd2 O-O 10. Nf3 c5 11. c3 cxd4 12. cxd4 Nbc6 13. O-O Rc8 14. Bc2 Na5
15. b3 Nec6 16. Rfe1 Bxe2 17. Rxe2 Qe7 18. a3 Rc7 19. Qd1 Rfc8 20. Bd3 Nb8 21.
g3 h6 22. Kg2 Rc3 23. Rb2 Qc7 24. Rab1 Rc1 25. Qe2 Qc3 26. Rxc1 Qxc1 27. Rc2
Rxc2 28. Qxc2 Qxa3 29. Qc8+ Qf8 30. Bh7+ Kxh7 31. Qxf8 Nbc6 32. Qxf7 Nxb3 33.
Qxe6 Ncxd4 34. Nxd4 Nxd4 35. Qxd5 1-0

[Event "Titled Tue 24th Jun Late"]
[Site "chess.com INT"]
[Date "2025.06.24"]
[Round "4"]
[White "Barria, Jose"]
[Black "Smieszek, Wojciech"]
[Result "0-1"]
[WhiteTitle "FM"]
[BlackTitle "CM"]
[WhiteElo "2371"]
[BlackElo "2141"]
[WhiteFideId "1939300"]
[BlackFideId "1156047"]
[EventDate "2025.06.24"]

1. d4 Nf6 2. c4 c5 3. d5 e6 4. Nc3 exd5 5. cxd5 d6 6. Nf3 g6 7. e4 Bg7 8. Be2
O-O 9. Nd2 Nbd7 10. O-O Re8 11. a4 a6 12. Qc2 Ne5 13. h3 g5 14. Re1 g4 15. hxg4
Nfxg4 16. Nf1 Qh4 17. Bxg4 Nxg4 18. Bf4 Be5 19. Bxe5 Rxe5 20. f3 Nf6 21. Qf2 Qh6
22. Qg3+ Kh8 23. f4 Rh5 24. Ne3 Bd7 25. e5 Rg8 26. Qf3 Bg4 27. Nxg4 Nxg4 28. Kf1
Nh2+ 0-1

[Event "Titled Tue 24th Jun Late"]
[Site "chess.com INT"]
[Date "2025.06.24"]
[Round "4"]
[White "Clawitter, Craig"]
[Black "Shymanskyi, Oleksandr"]
[Result "0-1"]
[BlackTitle "FM"]
[WhiteElo "2050"]
[BlackElo "2218"]
[WhiteFideId "2023105"]
[BlackFideId "14168880"]
[EventDate "2025.06.24"]

1. e4 c5 2. Nf3 e6 3. d4 cxd4 4. Nxd4 Nc6 5. Nc3 Bc5 6. Nb3 Bb4 7. Bd3 Nge7 8.
Qg4 Ng6 9. Bg5 Qc7 10. h4 Nge5 11. Qe2 Nd4 12. Qd1 Bxc3+ 13. bxc3 Qxc3+ 14. Bd2
Nxd3+ 15. cxd3 Qxd3 16. Rc1 Qxe4+ 17. Kf1 Qd3+ 18. Kg1 Ne2+ 19. Kh2 Nxc1 20.
Qxc1 O-O 21. Rd1 Qf5 22. Bb4 Re8 23. Qe3 d5 24. Nd4 Qg4 25. Nf3 Qxb4 0-1

[Event "Titled Tue 24th Jun Late"]
[Site "chess.com INT"]
[Date "2025.06.24"]
[Round "4"]
[White "Hernandez Leon, Sergio"]
[Black "Fernandes, Rogerio Paulo Muller"]
[Result "1-0"]
[WhiteTitle "CM"]
[WhiteElo "2102"]
[BlackElo "2241"]
[WhiteFideId "2285622"]
[BlackFideId "2101599"]
[EventDate "2025.06.24"]

1. e4 e6 2. Qe2 c5 3. Nf3 Nc6 4. g3 b6 5. Bg2 Bb7 6. O-O Be7 7. c3 Qc7 8. d4
cxd4 9. cxd4 a5 10. Rd1 Nf6 11. d5 Nb4 12. Nc3 Ba6 13. Qd2 Bc5 14. a3 Nd3 15.
Na4 Bxf2+ 16. Kh1 Ng4 17. Qg5 h5 18. Rxd3 Bxd3 19. Bf4 e5 20. Rc1 Qd6 21. Nxe5
Nxe5 22. Bxe5 Qg6 23. Qxg6 fxg6 24. Bxg7 Rg8 25. Be5 1-0

[Event "Titled Tue 24th Jun Late"]
[Site "chess.com INT"]
[Date "2025.06.24"]
[Round "4"]
[White "Makridis, Dimitrios"]
[Black "Ohler, Julius"]
[Result "1-0"]
[WhiteTitle "FM"]
[BlackTitle "FM"]
[WhiteElo "2283"]
[BlackElo "2301"]
[WhiteFideId "25864475"]
[BlackFideId "16238982"]
[EventDate "2025.06.24"]

1. b3 a5 2. Bb2 a4 3. bxa4 d5 4. e3 c6 5. c4 Nf6 6. Nf3 e6 7. Nc3 Nbd7 8. Be2
Bb4 9. O-O O-O 10. cxd5 exd5 11. a3 Bd6 12. h3 Re8 13. d3 Qa5 14. Qc2 Nb6 15. e4
Bf8 16. e5 Nfd7 17. d4 Nxa4 18. Ng5 g6 19. Nxa4 Qxa4 20. Qd2 Nb6 21. Qf4 Be6 22.
Bg4 Re7 23. Nxe6 fxe6 24. h4 Rae8 25. Bc3 Rf7 26. Qg3 Qc2 27. Rfe1 Nc4 28. Rac1
Qa2 29. Qh3 Rfe7 30. h5 g5 31. h6 Rf7 32. f3 Rfe7 33. Bb4 Rf7 34. Bxe6 Rxe6 35.
Qxe6 1-0

[Event "Titled Tue 24th Jun Late"]
[Site "chess.com INT"]
[Date "2025.06.24"]
[Round "4"]
[White "Klukin, Kirill"]
[Black "Morris-Suzuki, Alan H"]
[Result "1-0"]
[WhiteTitle "IM"]
[WhiteElo "2401"]
[BlackElo "1987"]
[WhiteFideId "24199273"]
[BlackFideId "30933218"]
[EventDate "2025.06.24"]

1. d4 g6 2. Nf3 Bg7 3. c4 d6 4. Nc3 Nc6 5. Bf4 e5 6. dxe5 Nxe5 7. Nxe5 dxe5 8.
Qxd8+ Kxd8 9. O-O-O+ Bd7 10. Be3 c6 11. g3 f5 12. Bg2 Nf6 13. Bc5 Bf8 14. Bd6
Bxd6 15. Rxd6 Ke7 16. Rhd1 Rhd8 17. e4 Be6 18. Rxd8 Rxd8 19. Rxd8 Kxd8 20. exf5
gxf5 21. b3 Ng4 22. f3 Nxh2 23. Kd2 Bf7 24. Ke3 Bh5 25. Nb1 Ke7 26. Nd2 Kf6 27.
Kf2 e4 28. fxe4 Ng4+ 29. Ke1 Ne3 30. Bh3 Ke5 31. exf5 Nxf5 32. g4 1-0

[Event "Titled Tue 24th Jun Late"]
[Site "chess.com INT"]
[Date "2025.06.24"]
[Round "4"]
[White "Barseghyan, Armen Ar."]
[Black "Barwinska, Ewa"]
[Result "1-0"]
[WhiteTitle "IM"]
[BlackTitle "WFM"]
[WhiteElo "2348"]
[BlackElo "2014"]
[WhiteFideId "13306707"]
[BlackFideId "21833761"]
[EventDate "2025.06.24"]

1. Nf3 d5 2. d4 c6 3. c4 Nf6 4. Nc3 e6 5. Bg5 Be7 6. e3 h6 7. Bh4 g5 8. Bg3 Ne4
9. Bd3 f5 10. Be5 Rg8 11. Qc2 Nd7 12. a3 Nxe5 13. Nxe5 Bd7 14. Bxe4 dxe4 15. Qe2
g4 16. h3 h5 17. hxg4 hxg4 18. Rh7 Qb6 19. O-O-O Qb3 20. Rdh1 Bxa3 21. Rxd7
Qxc3+ 22. Kb1 Qb3 23. Rhh7 Bxb2 24. Rxb7 Qa3 25. Qxb2 1-0

[Event "Titled Tue 24th Jun Late"]
[Site "chess.com INT"]
[Date "2025.06.24"]
[Round "4"]
[White "Ferrara, Enzo"]
[Black "Saya, Ethan"]
[Result "0-1"]
[BlackTitle "FM"]
[WhiteElo "2138"]
[BlackElo "2262"]
[WhiteFideId "137731"]
[BlackFideId "26095181"]
[EventDate "2025.06.24"]

1. d4 d5 2. Nf3 c5 3. c4 Nf6 4. cxd5 cxd4 5. Qxd4 Qxd5 6. Nc3 Qxd4 7. Nxd4 a6 8.
e4 e5 9. Nb3 Nc6 10. Be3 Bb4 11. f3 Be6 12. Nc5 Bxc5 13. Bxc5 O-O-O 14. Be2 Nd4
15. Bd1 Bc4 16. Rc1 Kb8 17. b3 Bb5 18. Bxd4 Rxd4 19. Nxb5 axb5 20. Be2 b4 21.
Rc2 Rc8 22. Rxc8+ Kxc8 23. Bc4 Rd7 24. Ke2 Ne8 25. Bb5 Rd8 26. Bxe8 Rxe8 27.
Rc1+ Kd7 28. Rc4 Ra8 29. Rc2 Ra6 30. g3 Rc6 31. Rd2+ Ke6 32. f4 exf4 33. gxf4 f5
34. e5 g5 35. fxg5 Kxe5 36. Kf3 Rc3+ 37. Kg2 f4 38. h4 Kf5 39. Rd4 Kg4 40. Rxb4
Rc2+ 41. Kf1 Kg3 42. h5 f3 43. Ke1 f2+ 44. Kf1 Rc1+ 0-1

[Event "Titled Tue 24th Jun Late"]
[Site "chess.com INT"]
[Date "2025.06.24"]
[Round "4"]
[White "Leinov, Roman"]
[Black "Tao, Sihan"]
[Result "0-1"]
[WhiteTitle "CM"]
[BlackTitle "FM"]
[WhiteElo "2120"]
[BlackElo "2202"]
[WhiteFideId "13504649"]
[BlackFideId "30982677"]
[EventDate "2025.06.24"]

1. Nf3 b6 2. g3 Bb7 3. Bg2 g6 4. O-O Bg7 5. c4 d6 6. Nc3 Nf6 7. Re1 Ne4 8. Nxe4
Bxe4 9. d3 Bb7 10. e4 O-O 11. d4 Nd7 12. b3 e5 13. Bb2 Re8 14. d5 a5 15. a3 Rf8
16. b4 h6 17. Rf1 Kh7 18. Ne1 f5 19. f3 fxe4 20. fxe4 Qe7 21. Nd3 Rxf1+ 22. Qxf1
Qf6 23. Qxf6 Bxf6 24. Bh3 Bc8 25. Kg2 Kg7 26. c5 axb4 27. axb4 Rxa1 28. Bxa1
bxc5 29. bxc5 Nxc5 30. Nxc5 Bxh3+ 31. Kxh3 dxc5 32. Kg4 c4 33. Bc3 Kf7 34. Kf3
Ke7 35. Bb4+ Kd7 36. Ke3 Bg5+ 37. Ke2 c6 38. h4 Bc1 39. Kd1 Be3 40. Ke2 Bd4 41.
dxc6+ Kxc6 42. Bf8 h5 43. Kd2 Bf2 44. Kc3 Kb5 45. Bd6 Bxg3 0-1

[Event "Titled Tue 24th Jun Late"]
[Site "chess.com INT"]
[Date "2025.06.24"]
[Round "4"]
[White "Foldes, Marton Gabor"]
[Black "Lavorgna, Giovanni"]
[Result "1-0"]
[WhiteTitle "FM"]
[BlackTitle "CM"]
[WhiteElo "2295"]
[BlackElo "1902"]
[WhiteFideId "794708"]
[BlackFideId "11800100"]
[EventDate "2025.06.24"]

1. Nf3 Nf6 2. g3 e6 3. Bg2 d5 4. O-O Be7 5. b3 O-O 6. Bb2 b6 7. d3 Bb7 8. Nbd2
c5 9. e3 Nc6 10. Qe2 Qc7 11. c4 Rfe8 12. Rac1 Rad8 13. Rfd1 a6 14. Ne1 b5 15.
cxd5 exd5 16. Bxf6 gxf6 17. Nef3 Qb6 18. Nh4 d4 19. Nf5 Bf8 20. Ne4 Ne5 21. exd4
cxd4 22. Qh5 Nxd3 23. Rxd3 Bxe4 24. Qg4+ Kh8 25. Bxe4 Qe6 26. f3 Rc8 27. Rcd1
Rc2 28. Qh4 Rxa2 29. Ng7 f5 30. Nxe6 1-0

[Event "Titled Tue 24th Jun Late"]
[Site "chess.com INT"]
[Date "2025.06.24"]
[Round "4"]
[White "Manukyan, Sargis A."]
[Black "Kukhmazov, Arsen"]
[Result "0-1"]
[WhiteTitle "FM"]
[BlackTitle "IM"]
[WhiteElo "2294"]
[BlackElo "2442"]
[WhiteFideId "13303970"]
[BlackFideId "24108260"]
[EventDate "2025.06.24"]

1. d4 d5 2. c4 c6 3. Nc3 Nf6 4. e3 Bf5 5. cxd5 cxd5 6. Qb3 Nc6 7. Qxb7 Bd7 8.
Qb3 Rb8 9. Qd1 e5 10. Nf3 Bd6 11. dxe5 Nxe5 12. Be2 O-O 13. O-O Qe7 14. Nxe5
Qxe5 15. g3 Bh3 16. Re1 h5 17. Bf3 Rfd8 18. Qd4 Qf5 19. Bg2 Bxg2 20. Kxg2 Be5
21. Qd1 h4 22. gxh4 Rb4 23. f4 Bxc3 24. bxc3 Rb6 25. Qf3 Ne4 26. Kh1 Rg6 27. Ba3
Qh3 28. Rf1 Ng3+ 29. Kg1 Nxf1+ 30. Kf2 Qxh2+ 31. Kxf1 Rg1# 0-1

[Event "Titled Tue 24th Jun Late"]
[Site "chess.com INT"]
[Date "2025.06.24"]
[Round "4"]
[White "Williams, Justus"]
[Black "Leiva, Gianmarco"]
[Result "0-1"]
[WhiteTitle "IM"]
[BlackTitle "IM"]
[WhiteElo "2355"]
[BlackElo "2387"]
[WhiteFideId "2049929"]
[BlackFideId "3804399"]
[EventDate "2025.06.24"]

1. Nf3 d5 2. g3 c6 3. Bg2 Bg4 4. b3 e6 5. Bb2 Nf6 6. c4 Nbd7 7. Nc3 Be7 8. h3
Bh5 9. cxd5 exd5 10. O-O O-O 11. e3 Re8 12. Ne2 Bd6 13. Nf4 Bxf3 14. Qxf3 Be5
15. d4 Bd6 16. Nd3 Ne4 17. Qe2 a5 18. a4 Qg5 19. Ba3 Bxg3 20. fxg3 Nxg3 21. Qf2
Nxf1 22. Qxf1 Qxe3+ 23. Kh1 Nf6 24. Bc1 Qe2 25. Bf4 Nh5 26. Be5 Rxe5 0-1

[Event "Titled Tue 24th Jun Late"]
[Site "chess.com INT"]
[Date "2025.06.24"]
[Round "4"]
[White "Jarmula, Lukasz"]
[Black "Sheehan, Ethan"]
[Result "0-1"]
[WhiteTitle "GM"]
[WhiteElo "2440"]
[BlackElo "2364"]
[WhiteFideId "1160664"]
[BlackFideId "30943965"]
[EventDate "2025.06.24"]

1. b3 e5 2. Bb2 Nc6 3. e3 d5 4. Bb5 Bd6 5. f4 Qh4+ 6. g3 Qe7 7. Nc3 Nf6 8. Nge2
O-O 9. O-O Bg4 10. Bxc6 bxc6 11. Qe1 Rae8 12. Qf2 Bh3 13. Rfe1 Ng4 14. Qf3 f5
15. fxe5 Nxe5 16. Qh1 Qg5 17. Nf4 Bg4 18. Rf1 Ng6 19. Nxg6 Qxg6 20. Qg2 Qh5 21.
h4 Re6 22. e4 dxe4 23. d3 Bf3 24. Qh3 Rg6 0-1

[Event "Titled Tue 24th Jun Late"]
[Site "chess.com INT"]
[Date "2025.06.24"]
[Round "4"]
[White "Fandi, Mazen"]
[Black "Drygalov, Sergey"]
[Result "0-1"]
[WhiteTitle "FM"]
[BlackTitle "GM"]
[WhiteElo "2302"]
[BlackElo "2560"]
[WhiteFideId "7611625"]
[BlackFideId "24171743"]
[EventDate "2025.06.24"]

1. e4 c5 2. Nf3 d6 3. d4 cxd4 4. Nxd4 Nf6 5. Nc3 a6 6. f3 e5 7. Nb3 Be6 8. Be3
Nbd7 9. Qd2 h5 10. Nd5 Bxd5 11. exd5 g6 12. c4 Bg7 13. Bd3 a5 14. O-O b6 15. Qe2
O-O 16. Nd2 Nc5 17. Bc2 h4 18. b3 Nh5 19. Rad1 Nf4 20. Qf2 f5 21. Kh1 h3 22. g3
Ng2 23. Bxc5 bxc5 24. Nb1 Qe7 25. Qe2 Rae8 26. Nc3 Qg5 27. Rd3 e4 28. fxe4 Bxc3 0-1

[Event "Titled Tue 24th Jun Late"]
[Site "chess.com INT"]
[Date "2025.06.24"]
[Round "4"]
[White "Terletsky, Oleg"]
[Black "Karas, Eugenia"]
[Result "1-0"]
[WhiteTitle "IM"]
[BlackTitle "WFM"]
[WhiteElo "2160"]
[BlackElo "2124"]
[WhiteFideId "14116774"]
[BlackFideId "463485"]
[EventDate "2025.06.24"]

1. e4 c5 2. Nf3 d6 3. d4 cxd4 4. Nxd4 Nf6 5. Nc3 a6 6. Bc4 e6 7. O-O Be7 8. f4
O-O 9. f5 e5 10. Nde2 b5 11. Bb3 Bb7 12. Ng3 Qb6+ 13. Kh1 Nc6 14. Bg5 Nd4 15.
Bxf6 Bxf6 16. Nd5 Bxd5 17. Bxd5 Rac8 18. c3 Nc6 19. Nh5 Qd8 20. Qg4 b4 21. Nxg7
Kh8 22. Nh5 Rg8 23. Qh3 Qe7 24. Rf3 bxc3 25. bxc3 Na5 26. Rb1 Rb8 27. Rbf1 Rb2
28. Rg3 Rxg3 29. hxg3 Rb6 30. g4 Bg5 31. f6 Qc7 32. Ng7 h6 33. Qh5 Kg8 34. Nf5
Qd8 35. Qxf7+ 1-0

[Event "Titled Tue 24th Jun Late"]
[Site "chess.com INT"]
[Date "2025.06.24"]
[Round "4"]
[White "Karas, Marek"]
[Black "Maksimovic, Bojan"]
[Result "0-1"]
[WhiteTitle "FM"]
[BlackTitle "IM"]
[WhiteElo "2215"]
[BlackElo "2514"]
[WhiteFideId "14928558"]
[BlackFideId "14408120"]
[EventDate "2025.06.24"]

1. d4 b6 2. e4 Bb7 3. Bd3 e6 4. Qe2 Ne7 5. Nf3 d5 6. Nbd2 Nbc6 7. c3 Qd7 8. Nf1
dxe4 9. Bxe4 O-O-O 10. Ng3 h5 11. h4 f6 12. Be3 Nf5 13. Nxf5 exf5 14. Bd3 Bd6
15. Qc2 Ne7 16. O-O-O g6 17. Kb1 Nd5 18. Bc1 Nf4 19. Bxf4 Bxf4 20. Rhe1 Rhe8 21.
Qb3 Bd5 22. Qb5 Qxb5 23. Bxb5 Rxe1 24. Rxe1 Be4+ 25. Ka1 c5 26. dxc5 bxc5 27. a4
Kc7 28. Bc4 g5 29. Bf7 g4 30. g3 Bxg3 31. fxg3 gxf3 32. Bxh5 f2 33. Rf1 Rd2 0-1

[Event "Titled Tue 24th Jun Late"]
[Site "chess.com INT"]
[Date "2025.06.24"]
[Round "4"]
[White "Shapiro, Daniel"]
[Black "Injac, Teodora"]
[Result "0-1"]
[WhiteTitle "FM"]
[BlackTitle "IM"]
[WhiteElo "2284"]
[BlackElo "2457"]
[WhiteFideId "2001780"]
[BlackFideId "932400"]
[EventDate "2025.06.24"]

1. d4 Nf6 2. c4 e6 3. g3 d5 4. Nf3 Bb4+ 5. Bd2 a5 6. Qc2 O-O 7. Bg2 c6 8. O-O
Nbd7 9. Rd1 Be7 10. Bf4 b5 11. cxb5 cxb5 12. Qc6 Ba6 13. Nbd2 Qb6 14. Rac1 Rfc8
15. Qxb6 Nxb6 16. Ne5 b4 17. Nc6 Bf8 18. Bf3 Bb5 19. Ne5 h6 20. h4 Na4 21. g4
Nxb2 22. Re1 Na4 23. g5 hxg5 24. hxg5 Nd7 25. Nb3 Nxe5 26. Bxe5 Nc3 27. Rc2 a4
28. Nc1 a3 29. Nb3 Ba4 30. Rd2 Nxa2 31. Nc5 Nc3 32. Nxa4 Rxa4 33. Ra1 b3 0-1